000 01589nam a22002777a 4500
001 0004895
003 DO-SdBNP
005 20231201102541.0
007 0004895
008 160621b 2011 ag a | 00| 0 spa d
020 _a9789876080323 (obra completa)
040 _aBPMSU
_bspa
_cBPMSU
082 4 _a370.15
_bP974p 2011
_222
245 1 0 _aPsicopedagogía práctica para el trabajo en el aula /
_ccompilación ; Mariana E. Narvarte.
260 _aBuenos Aires, Argentina :
_bLexus,
_bLandeira Ediciones,
_c2010.
300 _a4v :
_b il ;
_c27 cm +
_eCD-ROM
505 0 _gv. 1. -
_tFunciones motoras y sus alteraciones -
_tEstructura del sistema educativo y trastornos -
_tDesarrollo emocional y social --
_tLa vista y sus alteraciones --
_gv. 2 -
_tEl desarrollo intelectual y sus alteraciones -
_tAtención en el aula del niño con trastornos escolares -
_tIntegración escolar sistemática-
_gv. 3 -
_tLa disciplina en la escuela -
_t Técnicas para el seguimiento psicopedagógico --
_tOrientación vocacional --
_tActividades especiales --
_gv. 4 -
_tActividades para la estimulación de las funciones intelectuales -
_tPropuestas para el desarrollo psico-cognitivo y social -
_t- Propuestas para el desarrollo psico-cognitivo y social -
_tActividades para estimular la independencia personal del niño.
650 4 _aPsicopedagogía
650 4 _a Educación primaria
650 4 _a
650 4 _aPsicología infantil
650 4 _aPsicología del aprendizaje
700 1 _aNarvarte, Mariana E.,
_ecomp.
910 _aVMateo V./Validado. Control de calidad MFF
942 _2ddc
_cBK
999 _c10460
_d10460